003770000a220010900045001000025000002450048000253000047000737730032001209420008001529520090001609990017002501 aBonilla A., Plutarco10aLa Biblia a las puertas de un nuevo milenio aVol. 55, Núm 246 (2000), Páginas 12-130 tLa Biblia de las Américas cANA 001040708HEMaFUSBCbFUSBCd2016-01-26l0o r2016-01-26 00:00:00w2016-01-26yANA c51577d51577